| 000 | 00372cam a22001217a 4500 | ||
|---|---|---|---|
| 008 | 180718b1953 xxu||||| |||| 00| 0 eng d | ||
| 100 | _aWilson, Harold | ||
| 245 |
_aThe war on world poverty: an appeal to the conscience of mankind _cby Harold Wilson |
||
| 260 |
_aLondon _bVictor Gollancz _c1953 |
||
| 300 | _a232p. | ||
| 650 | _aFood supply | ||
| 650 | _aTechnical assistance | ||
| 999 |
_c440408 _d440408 |
||